Vista normal
Vista MARC
Entrada Personal Name
Número de registros utilizados en: 1
001 - CONTROL NUMBER
- control field: 16666
003 - CONTROL NUMBER IDENTIFIER
- control field: DLC
005 - DATE AND TIME OF LATEST TRANSACTION
- control field: 20250122092331.0
008 - FIXED-LENGTH DATA ELEMENTS
- fixed length control field: 140710n| azannaabn |a aaa c
010 ## - LIBRARY OF CONGRESS CONTROL NUMBER
- LC control number: no2014091557
035 ## - SYSTEM CONTROL NUMBER
- System control number: (OCoLC)oca09904644
040 ## - CATALOGING SOURCE
- Original cataloging agency: MX-MxUI
- Language of cataloging: spa
- Description conventions: rda
- Transcribing agency: Mx-PuUPA
- Modifying agency: Mx-PuUPA
100 1# - HEADING--PERSONAL NAME
- Personal name: Bretón Mora, Carlos,
370 ## - ASSOCIATED PLACE
- Other associated place: Huatulco, México
- Associated country: Mexico
371 ## - ADDRESS
- Electronic mail address: cbreton@huatulco.umar.mx
372 ## - FIELD OF ACTIVITY
- Field of activity: Estudios humanísticos
372 ## - FIELD OF ACTIVITY
- Field of activity: Derechos humanos
- Source of term: lcsh
372 ## - FIELD OF ACTIVITY
- Field of activity: Ética
- Source of term: lcsh
373 ## - ASSOCIATED GROUP
- Associated group: Universidad del Mar
- Source of term: naf
374 ## - OCCUPATION
- Occupation: Investigador
374 ## - OCCUPATION
- Occupation: Profesor
374 ## - OCCUPATION
- Occupation: Autor
375 ## - GENDER
- Gender: hombre
377 ## - ASSOCIATED LANGUAGE
- Language code: spa
400 1# - SEE FROM TRACING--PERSONAL NAME
- Personal name: Bretón Mora Hernández, Carlos
400 1# - SEE FROM TRACING--PERSONAL NAME
- Personal name: Mora, Carlos Bretón
400 1# - SEE FROM TRACING--PERSONAL NAME
- Personal name: Mora Hernández, Carlos Bretón
670 ## - SOURCE DATA FOUND
- Source citation: Aportaciones reflexivas Francisco de Vitoria en torno a las generaciones de los derechos humanos, 2014:
- Information found: t.p. (Carlos Bretón Mora)
670 ## - SOURCE DATA FOUND
- Source citation: Universidad del Mar, viewed July 09, 2014:
- Information found: (Carlos Bretón Mora Hernández; profesor - investigador, grado académico: doctorado en Estudios Humanísticos, línea de investigación, ética y derecho humanos, e-mail: cbreton@huatulco.umar.mx)
- Uniform Resource Identifier: http://www.umar.mx/profesores/huatulco/carlos_breton_mora_hernandez.html